01552nam a2200373 i 450000100060000000300080000600500170001400600190003100700150005000800410006502000270010604000310013305000190016408000100018308200140019310000280020724501040023526401090033930000570044833600310050533700360053633800430057250400290061558801320064459001640077665000280094065000340096865000290100265500270103179700190105803500220107785600620109999900170116131729FlNmELB20241216220701.0m o u cr cn|||||||||190310s2017 sp a ob 000 0 spa d a9788497479752 (e-book) aFINmELBbspaerdacFINmELB14aT56bO588 2017 a658.504a658.52231 aOnieva Giménez, Luis.13aLa organización de la producción :bhistoria y campos de aplicación /cLuis Onieva Giménez. 1aMálaga :bServicio de Publicaciones y Divulgación Científica de la Universidad de Málaga,c2017. a1 recurso en línea (46 páginas) :bilustraciones atextobtxt2rdacontent/spa acomputadorabcbc2rdamedia/spa arecurso en líneabcr2rdacarrier/spa aContiene bibliografía. aDescripción basada en recurso en línea; título de la página del título en PDF (elibro, visto el 10 de marzo de 2019). aRecurso electrónico. Santa Fe, Arg.: e-libro, 2018. Disponible vía World Wide Web. El acceso puede estar limitado para las bibliotecas afiliadas a e-libro. 0aIndustrial engineering. 0aOrganizational effectiveness. 4aIngeniería industrial. 4aLibros electrónicos.2 ae-libro, Corp. a(OCoLC)110588786540uhttps://elibro.net/ereader/politecnicointernacional/60778 c31729d31729